000 00822nam a2200241Ia 4500
003 OSt
005 20221005111716.0
006 a|||||r|||| 00| 0
007 ta
008 221004b |||||||| |||| 00| 0 hin d
024 _a31041
037 _cTextual
040 _aCRL
_cCRL
_bhin
041 _2hin
_ahin
082 _aR3M3, 152L3
100 _aरुबिचेक, पॉल
245 0 _aअस्तित्ववाद
_b पक्ष और विपक्ष
246 _aAstitvavāda: pakṣha aur vipakṣha
260 _aभोपाल
_bमध्यप्रदेश हिंदी ग्रंथ अकादमी भारत
_c1973
300 _a182
_25पृ.
_ccm.
942 _hR3M3, 152L3
_cTEXL
_2cc
999 _c1022662
_d1022662